000
00320nam a22001337a 4500
008
190304b xxu||||| |||| 00| 0 eng d
020
_a
9780781747745
041
_a
eng
080
_2
2nd
_a
610
100
_a
4
101
_a
SHM
245
_a
Field Guide to the Difficult Patient Interview
_c
Platt,F.W
942
_2
udc
_c
BK
999
_c
54426
_d
54426